000
00188nam a2200073Ia 4500
008
170524s9999 xx 000 0 und d
100
_a
MEENAKSHI- N
245
0
_a
MARKETING MANAGEMENT
260
_b
VIKAS PUB. HOUSE NEW DELHI
999
_c
8128
_d
8128